50 excellent extended essays (2008). / (Record no. 109370)
[ view plain ]
| 000 -LEADER | |
|---|---|
| fixed length control field | 00861nam a2200193 a 4500 |
| 005 - DATE AND TIME OF LATEST TRANSACTION | |
| control field | 20140414093842.0 |
| 008 - FIXED-LENGTH DATA ELEMENTS--GENERAL INFORMATION | |
| fixed length control field | 090108s19uu xx uuu eng d |
| 020 ## - INTERNATIONAL STANDARD BOOK NUMBER | |
| International Standard Book Number | 978-1-906345-05-1 |
| 050 ## - LIBRARY OF CONGRESS CALL NUMBER | |
| Classification number | CDR 370.1 |
| Item number | EXT 2008 |
| 100 ## - MAIN ENTRY--PERSONAL NAME | |
| Personal name | International Baccalaureat Organization |
| 245 ## - TITLE STATEMENT | |
| Title | 50 excellent extended essays (2008). / |
| Statement of responsibility, etc | International Baccalaureate Organization. |
| 260 ## - PUBLICATION, DISTRIBUTION, ETC. (IMPRINT) | |
| Place of publication, distribution, etc | [S.l.] : |
| Name of publisher, distributor, etc | IBO, |
| Date of publication, distribution, etc | 2008. |
| 300 ## - PHYSICAL DESCRIPTION | |
| Extent | 1 CDR, |
| 520 ## - SUMMARY, ETC. | |
| Summary, etc | This CD-Rom includes essays in the following subjects: English a1, English B, Economics, Geography, history, Information technology in a global society, Philosophy, Psychology, Social and cultural anthropology, Biology, Chemistry, physics, Mathematics, Music, Visual arts, Politics, World religions. |
| 650 ## - SUBJECT ADDED ENTRY--TOPICAL TERM | |
| Topical term or geographic name as entry element | Extended essays. |
| 650 ## - SUBJECT ADDED ENTRY--TOPICAL TERM | |
| Topical term or geographic name as entry element | International Baccalaureate. |
| 942 ## - ADDED ENTRY ELEMENTS (KOHA) | |
| Koha item type | Audio Visual Materials |
| Withdrawn status | Lost status | Damaged status | Use restrictions | Home library | Current library | Shelving location | Date acquired | Source of acquisition | Total Checkouts | Full call number | Barcode | Date last seen | Price effective from | Koha item type |
|---|---|---|---|---|---|---|---|---|---|---|---|---|---|---|
| Luxembourg Library | Luxembourg Library | Audio Visual Material Section | 01/08/2009 | CDR 370.1 EXT 2008 | AV1010 | 04/14/2014 | 04/14/2014 | Audio Visual Materials |